Normal view
MARC view
- Yen, C. C
Entry Personal Name
001 - CONTROL NUMBER
- control field: 39081
003 - CONTROL NUMBER IDENTIFIER
- control field: NUST
005 - DATE AND TIME OF LATEST TRANSACTION
- control field: 20210314131334.0
008 - FIXED-LENGTH DATA ELEMENTS
- fixed length control field: 210314|| aca||aabn | a|a d
040 ## - CATALOGING SOURCE
- Original cataloging agency: NUST
- Transcribing agency: NUST
100 ## - HEADING--PERSONAL NAME
- Personal name: Yen, C. C
670 ## - SOURCE DATA FOUND
- Source citation: Work cat.: (NUST): Hromadka, Theodore V. 39078, The best approximation method :, c1987.
